| 000 | 00733cab a2200205 4500 | ||
|---|---|---|---|
| 001 | WB2237-65 | ||
| 008 | 090401t1986 xxu||||| |||| 00| 0 eng d | ||
| 035 | _a(Sirsi) u70065 | ||
| 041 | _aeng | ||
| 245 | _aShopping centres keeping pace | ||
| 260 | _c1986 | ||
| 350 | _a0 | ||
| 490 |
_aPlanning (for the Natural and Built Environment) _vno 685, 12/9/86 p6 |
||
| 520 | _aA warning has come from the director of Capital and Counties Ltd that any shopping centre more than 10 years old is sure to face pressure to modernise if it is to keep pace with the new type of centre now emerging. | ||
| 650 | _aMODERNISATION | ||
| 650 | _aREHABILITATION | ||
| 690 | _aPROPERTY-COMMERCIAL PROPERTY | ||
| 942 | _n0 | ||
| 948 | _c04/03/1997 | ||
| 999 |
_c44076 _d44076 |
||